[Event "SFch-NED"]
[Site "Leeuwarden NED"]
[Date "2002.11.30"]
[Round "1.1"]
[White "Hendriks,W"]
[Black "Van Blitterswijk,S"]
[Result "0-1"]
[WhiteElo "2418"]
[BlackElo "2415"]

1.e4 c5 2.Nf3 d6 3.Bb5+ Nd7 4.d4 Nf6 5.O-O a6 6.Bxd7+ Nxd7 7.c4 g6 8.e5 dxe5
9.dxe5 Bg7 10.Qe2 e6 11.Nc3 Qc7 12.Re1 b6 13.Ne4 O-O 14.Bf4 Bb7 15.Rad1 b5
16.b3 bxc4 17.bxc4 Bxe4 18.Qxe4 Rab8 19.Rd6 Rb6 20.Red1 Rxd6 21.exd6 Qa5
22.h3 Qxa2 23.Bg5 Qa4 24.Rb1 Bf6 25.Qh4 Qc2 26.Re1 Qc3 27.Bxf6 Nxf6 28.Re5 Nd7
29.Re3 Qf6 30.Qe4 Rb8 31.Qc6 Qd8 32.Rd3 a5 33.Rd1 Qc8 34.Qa4 Ra8 35.Nd2 Ra6
36.Ne4 Qc6 37.Qc2 a4 38.Nc3 a3 39.Qb3 Qb6 40.Nb5 a2 41.Ra1 Qa5 42.Qc2 Qa4
43.Qe4 Qb3 44.Nc7 Qb2  0-1

[Event "ch-POL sf"]
[Site "Lubniewice POL"]
[Date "2002.11.30"]
[Round "1"]
[White "Skrzypnik,M"]
[Black "Krzesaj,R"]
[Result "1/2-1/2"]
[WhiteElo "2317"]
[BlackElo "2134"]

1.e4 c5 2.Nf3 d6 3.Bb5+ Bd7 4.Bxd7+ Qxd7 5.c4 Nc6 6.O-O g6 7.d4 cxd4 8.Nxd4 Bg7
9.Be3 Nf6 10.f3 O-O 11.Nc3 Rfc8 12.b3 Ne8 13.Rc1 Nc7 14.Nde2 Rd8 15.Qd2 Ne6
16.Rfd1 b6 17.Nd5 Rac8 18.f4 Qb7 19.b4 Kf8 20.a3 Nb8 21.f5 Nc7 22.Nef4 Nc6
23.Rf1 Ke8 24.Nxc7+ Rxc7 25.Nd5 Rcc8 26.Bh6 Be5 27.Qf2 f6 28.Be3 g5 29.Qe2 h5
30.Qxh5+ Kd7 31.Qf7 Rf8 32.Qe6+ Ke8 33.Nc3 Bd4 34.Rfe1 Bxe3+ 35.Rxe3 Nd4
36.Qd5 Qxd5 37.Nxd5 Kd7 38.Kf2 e6 39.fxe6+ Kxe6 40.g4 Nc6 41.Kg3 Ne5 42.Rec3 Rh8
43.c5 bxc5 44.bxc5 Rh4 45.h3 Rch8 46.Rh1 dxc5  1/2-1/2

[Event "ch-POL sf"]
[Site "Lubniewice POL"]
[Date "2002.11.30"]
[Round "1"]
[White "Murdzia,P"]
[Black "Tazbir,M"]
[Result "1-0"]
[WhiteElo "2418"]
[BlackElo "2254"]

1.e4 c5 2.Nf3 d6 3.Bb5+ Bd7 4.Bxd7+ Qxd7 5.c4 g6 6.Nc3 Bg7 7.d4 cxd4 8.Nxd4 Nc6
9.Nde2 Nh6 10.O-O O-O 11.c5 Rad8 12.cxd6 Qxd6 13.Qxd6 Rxd6 14.Bf4 Rd7 15.Rfd1 Rfd8
16.h3 f5 17.Rxd7 Rxd7 18.exf5 Nxf5 19.Rd1 Rxd1+ 20.Nxd1 Nb4 21.Nc1 Kf7 22.a3 Nd5
23.Bb8 a6 24.Nd3 Bd4 25.Kf1 Ke6 26.Ke2 Nd6 27.Ne3 Bb6 28.Nc2 a5 29.a4 g5
30.Nce1 Nf6 31.f4 gxf4 32.Nxf4+ Kd7 33.Nf3 Kc8 34.Bxd6 exd6 35.Kd3 Kd7 36.g4 h6
37.Nh4 Bd8 38.Nf5 Ne8 39.Nd5 Kc6 40.Kc4 Bg5 41.b3 b6 42.Nd4+ Kb7 43.Nf5 Kc6
44.h4 Bd8 45.h5 Bg5 46.Nd4+ Kb7 47.Ne6 Bc1 48.g5 Kc6 49.Nd4+ Kb7 50.gxh6 Bxh6
51.Nf5 Bg5 52.h6 Bxh6 53.Nxh6 Ng7  1-0

[Event "ch-ISR"]
[Site "Tel Aviv ISR"]
[Date "2002.11.30"]
[Round "6"]
[White "Postny,E"]
[Black "Lerner,K"]
[Result "1/2-1/2"]
[WhiteElo "2497"]
[BlackElo "2504"]

1.e4 c5 2.Nf3 d6 3.Bb5+ Bd7 4.Bxd7+ Qxd7 5.O-O Nf6 6.Re1 Nc6 7.b3 e6 8.Bb2 Be7
9.c4 O-O 10.d4 cxd4 11.Nxd4 Rfd8 12.Nc3 a6 13.Qd2 b5 14.cxb5 Nxd4 15.Qxd4 axb5
16.a4 bxa4 17.bxa4 Ra6 18.Red1 Qb7 19.Rab1 Qa8 20.e5 Ne8 21.exd6 Raxd6 22.Qc4 Rc8
23.Qa2 Bf6 24.Rxd6 Nxd6 25.Rc1 h6 26.Nd1 Qa5 27.Rxc8+ Nxc8 28.Qc4 Nb6 29.Qe2 Bxb2
30.Nxb2 Nxa4 31.Nxa4 Qxa4 32.g3 g5 33.h3 Qd4 34.Qc2 Kg7 35.Qe2 e5 36.Qf3 e4
37.Qf5 e3 38.fxe3 Qxe3+ 39.Kg2 Qe2+ 40.Kg1 Qe3+ 41.Kg2 Qe2+ 42.Kg1 Qe6 43.Qf1 f5
44.Qf2 Kg6 45.Qd2 Qe5 46.Kg2 h5 47.Qd8 Qe2+ 48.Kg1 Qe6 49.h4 gxh4 50.gxh4 Qf6
51.Qe8+ Kh6 52.Qe3+ f4 53.Qf2 Qg6+ 54.Kh2 Qe4 55.Qb6+ Kg7 56.Qc7+ Kg6 57.Qd6+ Kf5
58.Qd7+ Qe6 59.Qd3+ Kf6 60.Qd8+ Ke5 61.Qd3 Qf5 62.Qc3+ Kd5 63.Qb3+ Kc6 64.Qc4+ Kd7
65.Qd4+ Ke8 66.Qa4+ Kf7 67.Qc4+ Kg7 68.Qc7+ Kg6 69.Qc6+ Qf6 70.Qc2+ Kh6 71.Qf2 Qd6
72.Kh3 Kg6 73.Qg2+ Kf7 74.Qg5 Qd3+ 75.Kh2 Qd2+ 76.Kh3 Ke6 77.Qf6+  1/2-1/2

[Event "ch-CRO"]
[Site "Zagreb CRO"]
[Date "2002.11.30"]
[Round "7"]
[White "Maslac,Z"]
[Black "Vadla,Z"]
[Result "1/2-1/2"]
[WhiteElo "2051"]
[BlackElo "2242"]

1.e4 c5 2.Nf3 d6 3.Bb5+ Nd7 4.c3 Nf6 5.e5 dxe5 6.Nxe5 a6 7.Bxd7+ Bxd7 8.Qb3 Be6
9.c4 Qc7 10.Qe3 g6 11.Nc3 Bg7 12.d3 O-O 13.O-O Rfd8 14.Ne2 Nd7 15.Nf3 Ne5
16.Nf4 Bf5 17.Nd5 Qd6 18.d4 Nxf3+ 19.gxf3 cxd4 20.Qxe7 Bd3 21.Qxd6 Rxd6 22.Bf4 Rdd8
23.Rfe1 Re8 24.Nb6 Rad8 25.Bc7 Bc2 26.Bxd8 Rxd8 27.Nd5 d3 28.Rab1 Kf8 29.b3 Rd6
30.Ne3 Bh6 31.Rbd1 d2 32.Nxc2 dxe1=Q+ 33.Rxe1 Rd2 34.Nb4 a5 35.Nd5 Rxa2 36.Re7 Rb2
37.Rxb7 a4 38.b4 a3 39.Rb8+ Kg7 40.Ra8 a2 41.Kg2 Bd2 42.c5 Be1 43.c6 Bxf2
44.Kh3 Bd4 45.c7 Be5 46.f4 Bxc7 47.Nxc7 Rxb4 48.Ne8+ Kh6 49.Rxa2 Rxf4 50.Nd6  1/2-1/2

[Event "Superstars Hotel Bali"]
[Site "Benidorm ESP"]
[Date "2002.12.01"]
[Round "9"]
[White "Psakhis,L"]
[Black "Karjakin,Sergey"]
[Result "1/2-1/2"]
[WhiteElo "2588"]
[BlackElo "2527"]

1.e4 c5 2.Nf3 d6 3.Bb5+ Bd7 4.Bxd7+ Qxd7 5.O-O Nc6 6.b3 Nf6 7.Re1 g6 8.c3 Bg7
9.d4 cxd4 10.cxd4 d5 11.e5 Ne4 12.Nbd2 Nxd2 13.Qxd2 O-O 14.Ba3 Rfc8 15.Rac1 Nd8
16.g3 Ne6 17.Kg2 b6 18.h3 a5 19.Rxc8+ Rxc8 20.Rc1 Bf8 21.Rc2 Rxc2 22.Qxc2 Qc7
23.Qxc7 Nxc7 24.Kf1 Nb5 25.Bb2 f6 26.a4  1/2-1/2

[Event "ch-ROM w"]
[Site "Curtea de Arges ROM"]
[Date "2002.12.01"]
[Round "4.1"]
[White "Ionescu Brandis,I"]
[Black "Motoc,A"]
[Result "1-0"]
[WhiteElo "2326"]
[BlackElo "2272"]

1.e4 c5 2.Nf3 d6 3.Bb5+ Bd7 4.Bxd7+ Qxd7 5.c4 Nc6 6.Nc3 g6 7.d4 cxd4 8.Nxd4 Bg7
9.Nde2 Nf6 10.O-O O-O 11.f3 a6 12.a4 Qc7 13.Kh1 Qa5 14.Bd2 Qc5 15.b3 Nb4
16.Be1 Nd7 17.Bf2 Qa5 18.Rb1 Nc5 19.Qd2 Qd8 20.Rfd1 Rb8 21.Bd4 Bxd4 22.Qxd4 Nc6
23.Qe3 Qb6 24.Nd5 Qd8 25.Nec3 Kg7 26.Rb2 h6 27.b4 Nd7 28.a5 Nce5 29.f4 Nc6
30.e5 dxe5 31.Nb6 Nxb6 32.Rxd8 Nxc4 33.Rxf8 Nxe3 34.Rxb8 Nxb8 35.b5 Nc4 36.bxa6 Nxa6
37.Rxb7 exf4 38.Rxe7 Kf6 39.Nd5+ Kf5 40.Rxf7+ Ke4 41.Nxf4 Nb8 42.Nxg6 Nxa5
43.Rf4+ Ke3 44.Rh4 Nbc6 45.Rxh6 Nd4 46.Rh5 Nab3 47.h4 Nd2 48.Re5+ Ne4 49.h5 Nf5
50.Kh2 Nh6 51.Kh3 Nf7 52.Rf5 Nh6 53.Rf3+ Kd4 54.Kh4 Kd5 55.g4 Ke6 56.Re3 Kd5
57.Rxe4 Kxe4 58.Kg5 Nf7+ 59.Kf6 Nh6 60.g5 Ng4+ 61.Ke6  1-0

[Event "TCh-CZE 2002-3"]
[Site "Czech Rep CZE"]
[Date "2002.12.01"]
[Round "4"]
[White "Rasik,V"]
[Black "Civin,T"]
[Result "1-0"]
[WhiteElo "2436"]
[BlackElo "2387"]

1.e4 c5 2.Nf3 d6 3.Bb5+ Bd7 4.Bc4 Nf6 5.e5 dxe5 6.Nxe5 e6 7.O-O Nc6 8.Nxd7 Qxd7
9.Re1 Be7 10.Nc3 O-O 11.Bf1 Rfd8 12.g3 Rac8 13.d3 Nd4 14.a4 b6 15.Bf4 h6
16.Bg2 Bd6 17.Be3 Nf5 18.Bd2 c4 19.Bf1 Bc5 20.Ne4 Be7 21.Bc3 Nd5 22.dxc4 Nxc3
23.Qxd7 Rxd7 24.Nxc3 Bf6 25.Red1 Rxd1 26.Rxd1 Bxc3 27.bxc3 Rc7 28.Rd8+ Kh7
29.Bd3 g6 30.c5 bxc5 31.a5 Kg7 32.a6 Kf6 33.Be4 Ke7 34.Ra8 Nd6 35.Bb7 c4
36.Rxa7 Kd7 37.Kg2 Nc8 38.Bxc8+  1-0

[Event "TCh-ESP"]
[Site "Mondariz ESP"]
[Date "2002.12.01"]
[Round "2"]
[White "Guerra Bastida,D"]
[Black "Ruiz Jimenez,F"]
[Result "1-0"]
[WhiteElo "2361"]
[BlackElo "2119"]

1.e4 c5 2.Nf3 d6 3.Bb5+ Bd7 4.Bxd7+ Qxd7 5.c4 Nc6 6.d4 cxd4 7.Nxd4 Nf6 8.Nc3 e6
9.O-O Be7 10.Be3 Rc8 11.Qe2 a6 12.a4 Qc7 13.b3 Qa5 14.Rac1 O-O 15.f4 Qb4
16.Rf3 Ng4 17.Nxc6 bxc6 18.Bd2 Qxb3 19.Nd5 Qb7 20.Nxe7+ Qxe7 21.Rg3 Qa7+
22.c5 Nf6 23.e5 Ne8 24.exd6 Nxd6 25.Qe5 Nf5 26.Bc3 Kh8 27.Qxg7+  1-0

[Event "ch-CRO"]
[Site "Zagreb CRO"]
[Date "2002.12.01"]
[Round "9"]
[White "Ljubicic,F"]
[Black "Bender,I"]
[Result "1-0"]
[WhiteElo "2432"]
[BlackElo "2252"]

1.e4 c5 2.Nf3 d6 3.Bb5+ Bd7 4.a4 a6 5.Bxd7+ Qxd7 6.O-O Nf6 7.d3 Nc6 8.Nbd2 e6
9.Nc4 Rd8 10.b3 d5 11.exd5 Qxd5 12.Bf4 Qf5 13.Bc7 Rd7 14.Bg3 Nd5 15.Nh4 Qf6
16.f4 Be7 17.f5 O-O 18.Qh5 g6 19.fxg6 hxg6 20.Qe2 Qd4+ 21.Bf2 Qh8 22.Nxg6 Nd4
23.Bxd4 Qxd4+ 24.Kh1 Nc3 25.Qh5 fxg6 26.Qxg6+ Kh8 27.Qh6+ Kg8 28.Qxe6+  1-0

[Event "TCh-ESP"]
[Site "Mondariz ESP"]
[Date "2002.12.03"]
[Round "4"]
[White "Pablo Marin,A"]
[Black "Romero Holmes,A"]
[Result "1/2-1/2"]
[WhiteElo "2434"]
[BlackElo "2524"]

1.e4 c5 2.Nf3 d6 3.Bb5+ Nd7 4.O-O a6 5.Bxd7+ Bxd7 6.b3 Nf6 7.d3 g6 8.Bb2 Bg7
9.e5 dxe5 10.Bxe5 O-O 11.Qc1 Bc6 12.Nbd2 Bh6 13.Qb2 Nh5 14.Rad1 f6 15.Bg3 e5
16.Rfe1 Bg7 17.b4 cxb4 18.d4 Nxg3 19.hxg3 exd4 20.Nxd4 f5 21.N2f3 a5 22.Ne5 Bxe5
23.Rxe5 Rf7  1/2-1/2

[Event "ch-POL sf"]
[Site "Lubniewice POL"]
[Date "2002.12.05"]
[Round "6"]
[White "Kuzmicz,K"]
[Black "Tazbir,M"]
[Result "1/2-1/2"]
[WhiteElo "2333"]
[BlackElo "2254"]

1.e4 c5 2.Nf3 d6 3.Bb5+ Bd7 4.Bxd7+ Nxd7 5.O-O Ngf6 6.Qe2 e6 7.d3 Be7 8.Ng5 h6
9.Nh3 Ne5 10.f4 Nc6 11.c3 Qc7 12.f5 e5 13.Nd2 O-O-O 14.c4 Nd4 15.Qd1 Nh7
16.Nb3 Nc6 17.Nf2 Bg5 18.a3 Qe7 19.Ng4 Bxc1  1/2-1/2

[Event "Los Inmortales IV"]
[Site "Santo Domingo DOM"]
[Date "2002.12.05"]
[Round "9"]
[White "Zarnicki,P"]
[Black "Pigusov,E"]
[Result "0-1"]
[WhiteElo "2499"]
[BlackElo "2622"]

1.e4 c5 2.Nf3 d6 3.Bb5+ Nc6 4.O-O Bd7 5.Re1 Nf6 6.c3 a6 7.Bf1 Bg4 8.d3 e6
9.Nbd2 Be7 10.h3 Bh5 11.g4 Bg6 12.Nh4 Nd7 13.Ng2 h6 14.f4 Bh7 15.Nf3 O-O
16.f5 Kh8 17.Be3 Nde5 18.d4 Nxf3+ 19.Qxf3 cxd4 20.cxd4 Bg5 21.Bf2 g6 22.Rad1 d5
23.exd5 Qxd5 24.Qxd5 exd5 25.h4 Bd8 26.fxg6 fxg6 27.Be3 g5 28.hxg5 hxg5 29.Bd3 Bf6
30.Bxh7 Kxh7 31.Bf2 Rae8 32.Rxe8 Rxe8 33.Ne3 Re4 34.Nxd5 Rxg4+ 35.Kh2 Bg7
36.Kh3 Re4 37.Nc3 Rf4 38.d5 Rxf2 39.dxc6 bxc6 40.Ne4 Rxb2 41.Rd6 Be5 42.Nxg5+ Kg7
43.Rxc6 Rxa2 44.Kg4 Ba1 45.Kf5 Rf2+ 46.Kg4 a5 47.Rc7+ Kg6 48.Rc6+ Rf6 49.Rc1 Bb2
50.Rc4 Ra6 51.Ne4 a4 52.Nc5 Rc6 53.Rxa4 Rxc5 54.Ra6+ Bf6 55.Ra4 Rh5 56.Rf4 Be5
57.Re4 Rg5+ 58.Kf3 Kf5 59.Re3 Rg3+ 60.Kf2 Rg4 61.Kf3 Bd4 62.Re8 Rf4+ 63.Kg3 Bf2+
64.Kg2 Bh4 65.Rf8+ Bf6 66.Kg3 Ke4 67.Ra8 Bd4 68.Rg8 Rf3+ 69.Kg2 Be5 70.Rg4+ Bf4
71.Rg8 Rc3 72.Re8+ Be5 73.Rf8 Rc7 74.Kf1 Bf4 75.Kg2 Rc2+ 76.Kh1 Kf3 77.Rg8 Rc6  0-1

[Event "TCh-AUT 2002-3"]
[Site "Frohnleiten AUT"]
[Date "2002.12.06"]
[Round "2"]
[White "Rabiega,R"]
[Black "Boensch,U"]
[Result "1/2-1/2"]
[WhiteElo "2503"]
[BlackElo "2540"]

1.e4 c5 2.Nf3 d6 3.Bb5+ Nc6 4.Bxc6+ bxc6 5.O-O Bg4 6.h3 Bh5 7.e5 e6 8.exd6 Bxd6
9.d3 Nf6 10.Nbd2 O-O 11.Re1 Nd5 12.Ne4 h6 13.Ng3 Bg6 14.Ne4 Bh5 15.Ng3 Bg6
16.Ne4  1/2-1/2

[Event "ch-POL sf"]
[Site "Lubniewice POL"]
[Date "2002.12.06"]
[Round "7"]
[White "Skrzypnik,M"]
[Black "Szoen,D"]
[Result "1-0"]
[WhiteElo "2317"]
[BlackElo "2262"]

1.e4 c5 2.Nf3 d6 3.Bb5+ Nd7 4.d4 Nf6 5.O-O cxd4 6.Qxd4 a6 7.Bxd7+ Bxd7 8.Bg5 Bc6
9.Bxf6 gxf6 10.c4 Rg8 11.Nc3 e6 12.Qe3 Qa5 13.Nd5 Bxd5 14.cxd5 Qa4 15.Rac1 Qd7
16.Rc4 Be7 17.Rfc1 Bd8 18.Qh6 e5 19.Qxh7 Qg4 20.g3 Rg7 21.Qf5 Qxf5 22.exf5 Kd7
23.Nd2 b5 24.Rh4 Rc8 25.Rxc8 Kxc8 26.Ne4 Kd7 27.Rh8 Bb6 28.Kg2 a5 29.b3 a4
30.bxa4 bxa4 31.h4  1-0

[Event "ch-POL sf"]
[Site "Lubniewice POL"]
[Date "2002.12.06"]
[Round "7"]
[White "Weglarz,L"]
[Black "Bronowicki,M"]
[Result "1-0"]
[WhiteElo "2332"]
[BlackElo "2123"]

1.e4 c5 2.Nf3 d6 3.Bb5+ Bd7 4.Bxd7+ Qxd7 5.O-O Nc6 6.c3 Nf6 7.Qe2 e5 8.d3 g6
9.Bg5 Bg7 10.Bxf6 Bxf6 11.Nbd2 O-O 12.Nc4 d5 13.Ne3 d4 14.Nd5 Bg7 15.Nd2 Ne7
16.Nxe7+ Qxe7 17.a4 f5 18.Nc4 b6 19.Qc2 fxe4 20.dxe4 Qe6 21.Qb3 Rab8 22.Qb5 Qc8
23.a5 a6 24.Qb3 bxa5 25.Qc2 Qe6 26.Qd3 Rfd8 27.Rxa5 dxc3 28.Qxc3 Rd4 29.Ne3 Bf8
30.Rfa1 Rxe4 31.Rxa6 Qb3 32.Ra8 Qxb2 33.Qxb2 Rxb2 34.h3 Reb4 35.Ng4 e4 36.R1a7 Rb7
37.Nf6+ Kg7 38.Nxe4 Be7 39.Rxb7 Rxb7 40.Rc8 Rb4 41.Nxc5 Rb1+ 42.Kh2 Bd6+
43.g3 Bxc5 44.Rxc5 h6 45.g4 Rb6 46.h4 Kf6 47.Kg3 Ra6 48.Rc7  1-0

[Event "ch-POL w sf"]
[Site "Lubniewice POL"]
[Date "2002.12.07"]
[Round "8"]
[White "Jackowska,A"]
[Black "Andrzejewska,E"]
[Result "0-1"]
[WhiteElo "2015"]
[BlackElo "2250"]

1.e4 c5 2.Nf3 d6 3.Bb5+ Nc6 4.Bxc6+ bxc6 5.h3 g6 6.O-O Bg7 7.Re1 e5 8.d3 Ne7
9.c3 O-O 10.Nbd2 f5 11.exf5 gxf5 12.Nf1 f4 13.N1d2 Kh8 14.Ne4 Nf5 15.Kh2 Rg8
16.Rg1 Qe7 17.g4 fxg3+ 18.Nxg3 Nxg3 19.Rxg3 Bf5 20.Qe2 Bf6 21.Bd2 Qe6 22.Bg5 Rgf8
23.Bxf6+ Qxf6 24.Rag1 Bg6 25.R1g2 Bh5 26.Qe3 Bxf3 27.Rg1 Bh5  0-1

[Event "ch-POL sf"]
[Site "Lubniewice POL"]
[Date "2002.12.07"]
[Round "8"]
[White "Barglowski,F"]
[Black "Nurkiewicz,M"]
[Result "1/2-1/2"]
[WhiteElo "2307"]
[BlackElo "2364"]

1.e4 c5 2.Nf3 d6 3.Bb5+ Bd7 4.Bxd7+ Qxd7 5.c4 Nc6 6.O-O Nd4 7.Nxd4 cxd4 8.d3 g6
9.f4 Bg7 10.Nd2 e6 11.Nf3 Ne7 12.Nh4 f5 13.exf5 Nxf5 14.Nxf5 gxf5 15.b3 O-O
16.Ba3 b6 17.Qf3 Rac8 18.Rae1 Rf7 19.Re2 Re8 20.Rff2 Bf6 21.g3 Rg7 22.b4 Rge7
23.b5 Rc8 24.Bb4 Kh8 25.a4 Ree8 26.Rf1 Bg7 27.Ba3 Rf8 28.Rfe1 Rfe8 29.Bb4 Bf6
30.Rf1 Rcd8 31.Rfe1 Kg7 32.a5 bxa5 33.Bxa5 Rc8 34.Bd2 Kh8 35.Bb4 Kg7  1/2-1/2

[Event "ch-POL sf"]
[Site "Lubniewice POL"]
[Date "2002.12.08"]
[Round "9"]
[White "Skrzypnik,M"]
[Black "Chojnacki,K"]
[Result "1/2-1/2"]
[WhiteElo "2317"]
[BlackElo "2292"]

1.e4 c5 2.Nf3 d6 3.Bb5+ Nc6 4.O-O Bd7 5.Re1 Nf6 6.c3 e6 7.d4 Be7 8.d5 exd5
9.exd5 Ne5 10.Bxd7+ Nfxd7 11.Nxe5 Nxe5 12.Bf4 Ng6 13.Bg3 O-O 14.Nd2 Qd7 15.a4 Rae8
16.Nc4 f5 17.f4 Bd8 18.Qd3 Bc7 19.b3 Bd8 20.Nd2  1/2-1/2

[Event "ch-POL sf"]
[Site "Lubniewice POL"]
[Date "2002.12.08"]
[Round "9"]
[White "Rutkowski,M"]
[Black "Gomulka,J"]
[Result "1/2-1/2"]
[WhiteElo "2139"]
[BlackElo "2105"]

1.e4 c5 2.Nf3 d6 3.Bb5+ Nd7 4.d4 cxd4 5.Nxd4 Nf6 6.f3 Qb6 7.c4 a6 8.Bxd7+ Bxd7
9.Nc3 g6 10.b3 Bg7 11.Be3 Qa5 12.Qd2 b5 13.Nd5 Qxd2+ 14.Kxd2 Nxd5 15.cxd5 Bxd4
16.Bxd4 O-O 17.g4 h6 18.h3 Rfc8 19.f4 f6 20.Rag1 a5 21.Rc1 Rxc1 22.Rxc1 Rc8  1/2-1/2

[Event "41st WJun"]
[Site "Goa IND"]
[Date "2002.12.09"]
[Round "1"]
[White "Vuilleumier,A"]
[Black "Wojtaszek,R"]
[Result "0-1"]
[WhiteElo "2193"]
[BlackElo "2452"]

1.e4 c5 2.Nf3 d6 3.Bb5+ Nd7 4.d4 Nf6 5.Nc3 a6 6.Bxd7+ Nxd7 7.Be3 e6 8.O-O Be7
9.a4 b6 10.Nd2 cxd4 11.Bxd4 O-O 12.Qg4 Bf6 13.Bxf6 Nxf6 14.Qf4 Qc7 15.Rfd1 Bb7
16.Nf1 Rfd8 17.Rd3 Rd7 18.Rad1 Rad8 19.f3 b5 20.axb5 axb5 21.Qd2 Bc6 22.Ne3 h6
23.Ne2 d5 24.exd5 Nxd5 25.Nxd5 Rxd5 26.Rxd5 Rxd5 27.Qe1 Qb6+ 28.Kf1 Rh5 29.Qf2 Qc7
30.Qg3 e5 31.h3 Rg5 32.Qf2 e4 33.Ng1 b4 34.g4 Re5 35.Qd2 Rd5 36.Qe1 Bb5+
37.Ne2 Rxd1 38.Qxd1 exf3  0-1

[Event "41st WJun"]
[Site "Goa IND"]
[Date "2002.12.09"]
[Round "1"]
[White "Carlsson,P"]
[Black "Pradeep,T1"]
[Result "1-0"]
[WhiteElo "2376"]
[BlackElo "2111"]

1.e4 c5 2.Nf3 d6 3.Bb5+ Bd7 4.Bxd7+ Qxd7 5.O-O Nc6 6.c3 Nf6 7.d4 cxd4 8.cxd4 d5
9.e5 Ng8 10.a3 e6 11.b4 a6 12.Nc3 Nge7 13.Na4 Qc7 14.Bd2 Nc8 15.Rc1 Be7 16.Ng5 Qd8
17.Qg4 h5 18.Qh4 g6 19.Nc5 Qb6 20.Be3 a5 21.Qf4 Nd8 22.Rb1 Qc7 23.Rfc1 Bxc5
24.Rxc5  1-0

[Event "10th Amitie"]
[Site "Bagneux FRA"]
[Date "2002.12.10"]
[Round "2"]
[White "Zigura,O"]
[Black "Le Quang,K"]
[Result "1/2-1/2"]
[WhiteElo "2401"]
[BlackElo "2274"]

1.e4 c5 2.Nf3 d6 3.Bb5+ Bd7 4.Bxd7+ Nxd7 5.c4 Ngf6 6.Nc3 e6 7.O-O Be7 8.h3 O-O
9.d4 cxd4 10.Qxd4 a6 11.b3 Qc7 12.Bb2 Rac8 13.Rfd1 Rfd8 14.Rac1 Qb8 15.Ba3 Nc5
16.Qe3 b5 17.cxb5 axb5 18.e5 b4 19.exf6 Bxf6 20.Bb2 bxc3 21.Bxc3 Bxc3 22.Rxc3 Qb7
23.Rd4 Ra8 24.a4 Rab8 25.Rg4 f5 26.Rd4 Ne4 27.Rcd3 Nc5 28.Ng5 Qe7 29.Rc3 h6
30.Nf3 Ne4 31.Rc1 Nc5 32.b4 Nxa4 33.Rdc4 Nb6 34.Rc7 Rd7 35.Rxd7 Qxd7 36.Nd4 Nd5
37.Qxe6+ Qxe6 38.Nxe6 Rxb4 39.Rd1 Nf4  1/2-1/2

[Event "FSGM Dec"]
[Site "Budapest HUN"]
[Date "2002.12.10"]
[Round "4"]
[White "Radziewicz,I"]
[Black "Vajda,S"]
[Result "1-0"]
[WhiteElo "2421"]
[BlackElo "2365"]

1.e4 c5 2.Nf3 d6 3.Bb5+ Nd7 4.O-O Nf6 5.d4 cxd4 6.Qxd4 a6 7.Bxd7+ Nxd7 8.Be3 e6
9.Nbd2 Qc7 10.Rfd1 b5 11.a4 bxa4 12.Nc4 Bb7 13.e5 d5 14.Nd6+ Bxd6 15.exd6 Qxd6
16.Qxg7 O-O-O 17.Qxf7 Rdf8 18.Qh5 Rhg8 19.Rxa4 e5 20.Rg4 d4 21.Rg3 Bxf3 22.gxf3 Rxg3+
23.hxg3 Qc6 24.Bg5 Rxf3 25.Qxh7 Rf8 26.Qh6 Qc4 27.Ra1 Kb7 28.Qd6 Rf7 29.Ra5 Rg7
30.Be7 Nb6 31.Rc5  1-0

[Event "ch-Balkan"]
[Site "Istanbul TUR"]
[Date "2002.12.12"]
[Round "4"]
[White "Organdziev,O"]
[Black "Erdogdu,M"]
[Result "1/2-1/2"]
[WhiteElo "2338"]
[BlackElo "2318"]

1.e4 c5 2.Nf3 d6 3.Bb5+ Bd7 4.Bxd7+ Qxd7 5.O-O Nf6 6.Re1 Nc6 7.b3 e6 8.Bb2 Be7
9.d4 cxd4 10.Nxd4 O-O 11.c4 a6 12.Nc3 Rfc8 13.Nf3 Qc7 14.Qd2 Qa5 15.a3 b5
16.b4 Qb6 17.e5 dxe5 18.c5 Qc7 19.Qe2 Nd7 20.Rad1 f5 21.Nb1 Rd8 22.Nfd2 Bf6
23.Nb3 Nf8 24.N1d2 Rd5 25.Nf1 Rad8 26.Ne3 Rxd1 27.Rxd1 Rxd1+ 28.Qxd1 Qd7
29.Qxd7 Nxd7 30.Nc2 Kf7 31.Kf1 e4 32.Bxf6 Kxf6 33.Ke2 f4 34.g3 g5 35.h4 e5
36.Nd2 gxh4 37.gxf4 exf4 38.Nxe4+ Kf5 39.f3 Nf6 40.Nf2 Nd7 41.Kf1 Nde5 42.Kg2 h6
43.Nh3 Nd3 44.Kf1 Nde5 45.Kg2 Nc4 46.Kf2 N4e5  1/2-1/2

[Event "41st WJun"]
[Site "Goa IND"]
[Date "2002.12.13"]
[Round "7"]
[White "Vuilleumier,A"]
[Black "Sriram,S"]
[Result "0-1"]
[WhiteElo "2193"]
[BlackElo "2100"]

1.e4 c5 2.Nf3 d6 3.Bb5+ Bd7 4.Bxd7+ Qxd7 5.c4 Nc6 6.d4 cxd4 7.Nxd4 Nf6 8.Nc3 g6
9.O-O Bg7 10.Nde2 O-O 11.f3 a6 12.Bg5 e6 13.Qd2 Qc7 14.Rfd1 Rfd8 15.Rac1 Ne5
16.b3 Rac8 17.Kh1 Rd7 18.Qe3 Ne8 19.f4 Ng4 20.Qg3 f5 21.exf5 gxf5 22.h3 Ngf6
23.Nd4 Kf7 24.Qh4 Qa5 25.Re1 Re7 26.Re3 Nc7 27.Rg3 Rh8 28.Bh6 Rg8 29.Bxg7 Rxg7
30.Rxg7+ Kxg7 31.Qg3+ Kf8 32.Qf3 Qc5 33.Rd1 b5 34.cxb5 axb5 35.b4 Qc4 36.Qd3 Nfd5
37.Nxd5 Nxd5 38.Qf3 Nc3 39.Rc1 Qxd4 40.Rxc3 Qxb4 41.Rc8+ Re8 42.Rc7 Re7 43.Rc8+ Re8
44.Rc7 Re7 45.Qa8+ Kf7 46.Rc8 Qxf4 47.Rf8+ Kg7 48.Rg8+ Kf6 49.Qf8+ Rf7 50.Qd8+ Ke5
51.Qb6 Qf1+ 52.Kh2 Qf4+ 53.Rg3 Rg7 54.Qe3+ Qxe3 55.Rxe3+ Kd5 56.Rb3 Kc4 57.g3 e5
58.Kg2 f4 59.g4 e4 60.Kf2 d5 61.Ke2 d4 62.Ra3 d3+ 63.Kf2 b4 64.Ra8 Kc3 65.Re8 e3+
66.Kf3 e2 67.Kf2 Kd2 68.Re4 Ra7 69.g5 Rxa2 70.h4 Ra1 71.h5 Rf1+  0-1

[Event "FSGM Dec"]
[Site "Budapest HUN"]
[Date "2002.12.14"]
[Round "8"]
[White "Ramesh,R"]
[Black "Balogh,C"]
[Result "1/2-1/2"]
[WhiteElo "2475"]
[BlackElo "2432"]

1.e4 c5 2.Nf3 d6 3.Bb5+ Bd7 4.Bxd7+ Qxd7 5.c4 Nc6 6.Nc3 g6 7.d4 cxd4 8.Nxd4 Bg7
9.Nde2 Nf6 10.f3 O-O 11.O-O Qd8 12.Kh1 Re8 13.Bg5 Qa5 14.Qd2 a6 15.Rfd1 Rac8
16.a4 Nd7 17.Rab1 Qb4 18.b3 Nc5 19.Qc2 e6 20.Rxd6 Nxb3 21.Rxc6 Rxc6 22.Rxb3 Qxc4
23.a5 h6 24.Bh4 Rec8 25.h3 Qc5 26.Qa2 Qd6 27.Be1 Qd3 28.Qd2 Qxd2 29.Bxd2 Rd8
30.Be1 Rc5 31.Rxb7 Rxa5 32.Kg1 Ra1 33.Kf2 a5 34.Rb2 a4 35.Bd2 a3 36.Rc2 Ra8
37.Nc1 Bxc3 38.Bxc3 Rb1 39.Ke2 Rc8 40.Kd2 Rd8+ 41.Ke2 Rc8 42.Kd2  1/2-1/2

[Event "XV Carlos Torre"]
[Site "Merida MEX"]
[Date "2002.12.15"]
[Round "3"]
[White "Estrada Nieto,J"]
[Black "Ramirez,H"]
[Result "1-0"]
[WhiteElo "2345"]
[BlackElo "2208"]

1.e4 c5 2.Nf3 d6 3.Bb5+ Bd7 4.Bxd7+ Qxd7 5.O-O Nc6 6.c4 g6 7.d4 cxd4 8.Nxd4 Bg7
9.Be3 Nf6 10.f3 O-O 11.Nc3 Rac8 12.Nde2 b6 13.Qd2 Qb7 14.Bh6 a6 15.Bxg7 Kxg7
16.Nd5 Nxd5 17.cxd5 Ne5 18.b3 Rc7 19.f4 Ng4 20.Nd4 b5 21.Rae1 Qb6 22.Kh1 Nf6
23.Rf3 Rfc8 24.f5 Kg8 25.fxg6 hxg6 26.Nc6 Kg7 27.Qb2 Rxc6 28.dxc6 Qxc6 29.e5 dxe5
30.Qxe5 Rc7 31.h3 Rd7 32.Ref1 Qb7 33.Qc3 Qd5 34.Re1 Kh7 35.Qb4 Ng8 36.Qe4 Kg7
37.Rc3 Nf6 38.Qe3 Qb7 39.Rc2 Nd5 40.Qf3 e6 41.Rec1 Qa7 42.Rc8 Qd4 43.Ra8 Qb2
44.Rcc8 Qa1+ 45.Kh2 Qe5+ 46.Qg3 Nf4 47.Rg8+ Kf6 48.Rgd8 Rc7 49.Rac8 g5 50.Rxc7 Qxc7
51.Rg8 Qe5 52.h4 Ng6 53.Qxe5+ Kxe5 54.h5 Nf4 55.h6  1-0

[Event "FSIMB Dec"]
[Site "Budapest HUN"]
[Date "2002.12.16"]
[Round "10"]
[White "Ramaswamy,A"]
[Black "Popovics,A"]
[Result "1/2-1/2"]
[WhiteElo "2271"]
[BlackElo "2320"]

1.e4 c5 2.Nf3 d6 3.Bb5+ Nd7 4.d4 cxd4 5.Qxd4 a6 6.Bxd7+ Bxd7 7.Nc3 Nf6 8.O-O e6
9.e5 dxe5 10.Nxe5 Be7 11.Bg5 O-O 12.Rad1 Be8 13.Qh4 Qa5 14.Ng4 Qf5 15.Nxf6+ Bxf6
16.Bxf6 Qxf6 17.Qxf6 gxf6 18.Ne4 f5 19.Nf6+ Kg7 20.Nxe8+ Rfxe8 21.Rd7 b5
22.Rfd1 Kf6 23.f4 Rac8 24.c3 Rc4  1/2-1/2

[Event "XV Carlos Torre"]
[Site "Merida MEX"]
[Date "2002.12.16"]
[Round "4"]
[White "Arencibia,W"]
[Black "Lalic,B"]
[Result "1/2-1/2"]
[WhiteElo "2521"]
[BlackElo "2542"]

1.Nf3 c5 2.e4 d6 3.Bb5+ Bd7 4.Bxd7+ Qxd7 5.O-O Nc6 6.c4 g6 7.d4 cxd4 8.Nxd4 Bg7
9.Be3 Nf6 10.f3 O-O 11.Nc3  1/2-1/2

[Event "19th WJun Girls"]
[Site "Goa IND"]
[Date "2002.12.17"]
[Round "10"]
[White "Savic,Ma"]
[Black "Karavade,E"]
[Result "0-1"]
[WhiteElo "2176"]
[BlackElo "2171"]

1.e4 c5 2.Nf3 d6 3.Bb5+ Nd7 4.c3 Nf6 5.Qe2 a6 6.Ba4 e5 7.O-O Be7 8.Rd1 O-O
9.d4 Qc7 10.Nbd2 b5 11.Bb3 cxd4 12.cxd4 Bb7 13.d5 Nc5 14.Bc2 Bc8 15.Nf1 Bd7
16.Ng3 g6 17.h3 Rfc8 18.Be3 Qb7 19.Rac1 b4 20.Bb1 Na4 21.Ne1 Rxc1 22.Rxc1 Rc8
23.Rd1 Bb5 24.Qd2 a5 25.f4 Nd7 26.Nf3 Bf6 27.f5 Ndb6 28.b3 Nc3 29.Re1 Nxb1
30.Rxb1 Nd7 31.Rc1 Ba6 32.Rc2 Bd8 33.Rxc8 Qxc8 34.Kh2 Nc5 35.h4 Nd3 36.h5 Qc3
37.hxg6 hxg6 38.fxg6 fxg6 39.Ng5 Qxd2 40.Bxd2 Nf4 41.Nf3 Bd3 42.Be3 Bb1 43.Nd2 Bxa2
44.Kg1 a4 45.Bxf4 exf4 46.Ne2 Bxb3  0-1

[Event "41st WJun"]
[Site "Goa IND"]
[Date "2002.12.18"]
[Round "11"]
[White "Ni Hua"]
[Black "Rohit,G"]
[Result "1/2-1/2"]
[WhiteElo "2545"]
[BlackElo "2319"]

1.e4 c5 2.Nf3 d6 3.Bb5+ Bd7 4.Bxd7+ Qxd7 5.c4 Nc6 6.Nc3 Nf6 7.d4 cxd4 8.Nxd4 Qg4
9.Qxg4 Nxg4 10.Nxc6 bxc6 11.Bf4 g6 12.h3 Nf6 13.e5 Nh5 14.Bh2 dxe5 15.Bxe5 Bg7
16.Bxg7 Nxg7 17.O-O-O Rd8 18.b4 Ne6 19.g3 O-O 20.Rxd8 Rxd8 21.Rd1 Kf8 22.Rxd8+ Nxd8
23.Kc2 Ke8 24.Kb3 Kd7 25.a4 Nb7 26.c5 a6 27.Kc4 f6 28.f4 h6 29.Ne2 Nd8 30.Nd4 e5
31.fxe5 fxe5 32.Nc2 Ne6 33.Ne3 h5 34.Kd3 Nd4 35.Nc4 Ke6 36.g4 hxg4 37.hxg4 Nf3
38.Ke3 Ng5 39.Nb6 Ke7 40.Kd3 Ke6 41.Nc4 Nh7 42.Ne3 Nf6 43.Kc4 Nd5 44.Nc2 Nc7
45.Ne3 Nd5 46.Ng2 g5 47.b5 axb5+ 48.axb5 e4 49.bxc6 Ke5  1/2-1/2